|
|
|
|
| LEADER |
00976nam a22002652a 4500 |
| 001 |
000839674 |
| 003 |
CZ BrMZK |
| 005 |
20160608064123.0 |
| 007 |
ta |
| 008 |
070130s1928 xr er|||||||||||cze d |
| 015 |
|
|
|a cnb000539389
|
| 035 |
|
|
|a (OCoLC)85287594
|
| 040 |
|
|
|a ABA001
|b cze
|c ULG001
|d BOA001
|
| 100 |
1 |
|
|a Jeremiáš, Otakar,
|d 1892-1962
|7 jk01051481
|4 lbt
|
| 245 |
1 |
0 |
|a Bratři Karamazovi :
|b text k opeře o třech dějstvích podle románu F.M. Dostojevského /
|c Otokar Jeremiáš [a] Jaroslav Maria
|
| 260 |
|
|
|a Praha :
|b Bedřich Bělohlávek,
|c 1928
|f (Politika)
|
| 300 |
|
|
|a 71, [IV] s. ;
|c 8°
|
| 490 |
1 |
|
|a Dobrá edice ;
|v 6
|
| 500 |
|
|
|a S obálkou Evy Krásové
|
| 700 |
1 |
|
|a Maria, Jaroslav,
|d 1870-1942
|7 jk01080237
|4 lbt
|
| 830 |
|
0 |
|a Dobrá edice (Bedřich Bělohlávek)
|0 s
|
| 910 |
|
|
|a BOA001
|b OB2-0113.733,6a
|
| 990 |
|
|
|a BK
|
| 991 |
|
|
|b 200701
|
| 996 |
6 |
|
|b 2619208504
|c OB2-0113.733,6a
|y 1938
|l MZK
|r Sklad / do 24 hodin
|n 0
|w 000839674
|u 000010
|a 1
|e BOA001
|j MZK50
|s P
|